Normal view
MARC view
Entry Topical Term
001 - CONTROL NUMBER
- control field: 14364
003 - CONTROL NUMBER IDENTIFIER
- control field: OSt
005 - DATE AND TIME OF LATEST TRANSACTION
- control field: 20191207155743.0
008 - FIXED-LENGTH DATA ELEMENTS
- fixed length control field: 191207|| aca||aabn | a|a d
040 ## - CATALOGING SOURCE
- Original cataloging agency: OSt
- Transcribing agency: OSt
150 ## - HEADING--TOPICAL TERM
- Topical term or geographic name entry element: Contracting out - United Kingdom
670 ## - SOURCE DATA FOUND
- Source citation: Work cat.: (OSt): Greasley, Stephen 14363, Mutual dependence or state dominance?: Large private suppliers and the British state 2010-15
